<?xml version="1.0" encoding="UTF-8"?>
<collection xmlns="http://www.loc.gov/MARC21/slim">
 <record>
  <leader>01412nam a2200193Ia 4500</leader>
  <controlfield tag="001">TDMU_29678</controlfield>
  <controlfield tag="008">210410s9999    xx            000 0 und d</controlfield>
  <datafield tag="082" ind1=" " ind2=" ">
   <subfield code="a">658.8</subfield>
  </datafield>
  <datafield tag="090" ind1=" " ind2=" ">
   <subfield code="b">A109</subfield>
  </datafield>
  <datafield tag="245" ind1=" " ind2="0">
   <subfield code="a">Áp dụng sản xuất sạch hơn trong ngành chế biến chè</subfield>
  </datafield>
  <datafield tag="245" ind1=" " ind2="0">
   <subfield code="b">Nghiên cứu đề xuất các giải pháp sản xuất sạch hơn tại Công ty Trách nhiệm hữu hạn Tâm Châu</subfield>
  </datafield>
  <datafield tag="260" ind1=" " ind2=" ">
   <subfield code="a">[?]</subfield>
  </datafield>
  <datafield tag="260" ind1=" " ind2=" ">
   <subfield code="b">[?]</subfield>
  </datafield>
  <datafield tag="260" ind1=" " ind2=" ">
   <subfield code="c">[?]</subfield>
  </datafield>
  <datafield tag="300" ind1=" " ind2=" ">
   <subfield code="a">47 tr</subfield>
  </datafield>
  <datafield tag="520" ind1=" " ind2=" ">
   <subfield code="a">Gồm: Tổng quan về quy trình công nghệ chế biến chè (tổng quan về quy trình công nghệ chế biến chè đen) liệt kê các bước công nghệ; sơ đồ hoạt động tổng quan; thuyết minh quy trình công nghệ; giai đoạn thu hoạch lá chè; giai đoạn làm héo chè; giai đoạn vò; lên men, làm khô; phân loại, đấu trộn, đóng hộp và bảo quản; tổng quan sử dụng nguyên vật liệu và năng lượng; ô nhiễm trong quá trình sản xuất;...</subfield>
  </datafield>
  <datafield tag="650" ind1=" " ind2=" ">
   <subfield code="a">Công nghệ</subfield>
   <subfield code="x">Sản xuất chè</subfield>
   <subfield code="v">Bài giảng; Môi trường</subfield>
   <subfield code="x">Sản xuất sạch hơn</subfield>
   <subfield code="x">Chè Tâm Châu</subfield>
  </datafield>
  <datafield tag="856" ind1=" " ind2=" ">
   <subfield code="u">http://lrc.tdmu.edu.vn/opac/search/detail.asp?aID=2&amp;ID=29678</subfield>
  </datafield>
  <datafield tag="980" ind1=" " ind2=" ">
   <subfield code="a">Trung tâm Học liệu Trường Đại học Thủ Dầu Một</subfield>
  </datafield>
 </record>
</collection>
